书目信息 |
| 题名: |
水文与水文地质学
|
|
| 作者: | 王亚军 主编 | |
| 分册: | ||
| 出版信息: | 北京 化学工业出版社 2013 |
|
| 页数: | 262页 | |
| 开本: | 26cm | |
| 丛书名: | 给排水科学与工程专业应用与实践丛书 | |
| 单 册: | ||
| 中图分类: | P33 , P641 | |
| 科图分类: | ||
| 主题词: | 水文学--shui wen xue--高等学校--教材 , 水文地质--shui wen di zhi--高等学校--教材 | |
| 电子资源: | ||
| ISBN: | 978-7-122-16320-2 | |
| 000 | 01280nam 2200313 450 | |
| 001 | 012001000424 | |
| 005 | 20131106090555.0 | |
| 010 | @a978-7-122-16320-2@dCNY48.00 | |
| 099 | @aCAL 012013036896 | |
| 100 | @a20130325d2013 em y0chiy50 ea | |
| 101 | 0 | @achi |
| 102 | @aCN@b110000 | |
| 105 | @aak a 000yy | |
| 106 | @ar | |
| 200 | 1 | @a水文与水文地质学@Ashui wen yu shui wen di zhi xue@f王亚军主编 |
| 210 | @a北京@c化学工业出版社@d2013 | |
| 215 | @a262页@c图@d26cm | |
| 225 | 2 | @a给排水科学与工程专业应用与实践丛书@Aji pai shui ke xue yu gong cheng zhuan ye ying yong yu shi jian cong shu |
| 300 | @a高等学校“十二五”规划教材 | |
| 320 | @a有书目 (第262页) | |
| 330 | @a本书共分2篇。第1篇为水文学, 系统地介绍了水文现象、水文学基本知识、水文统计基本方法、河川径流情势特征值分析、小流域暴雨洪峰流量计算、水文学在土木工程中的应用等内容。第2篇为水文地质学, 介绍了地质基本知识、地下水的储存与循环、地下水的渗流运动、地下水污染与防治等内容。 | |
| 410 | 0 | @12001@a给排水科学与工程专业应用与实践丛书 |
| 606 | 0 | @a水文学@Ashui wen xue@x高等学校@j教材 |
| 606 | 0 | @a水文地质@Ashui wen di zhi@x高等学校@j教材 |
| 690 | @aP33@v5 | |
| 690 | @aP641@v5 | |
| 701 | 0 | @a王亚军@Awang ya jun@4主编 |
| 801 | 0 | @aCN@b北京卓展文化@c20191020 |
| 905 | @b1196111-4@dP33@e146@f4 | |
| 水文与水文地质学/王亚军主编.-北京:化学工业出版社,2013 |
| 262页:图;26cm.-(给排水科学与工程专业应用与实践丛书) |
| 高等学校“十二五”规划教材 |
| ISBN 978-7-122-16320-2:CNY48.00 |
| 本书共分2篇。第1篇为水文学, 系统地介绍了水文现象、水文学基本知识、水文统计基本方法、河川径流情势特征值分析、小流域暴雨洪峰流量计算、水文学在土木工程中的应用等内容。第2篇为水文地质学, 介绍了地质基本知识、地下水的储存与循环、地下水的渗流运动、地下水污染与防治等内容。 |
| ● |
| 相关链接 |
|
|
|
|
正题名:水文与水文地质学
索取号:P33/146
 
预约/预借
| 序号 | 登录号 | 条形码 | 馆藏地/架位号 | 状态 | 备注 |
| 1 | 1196111 | 211961117 | 第二样本阅览室/ [索取号:P33/146] | 在馆 | |
| 2 | 1196112 | 211961126 | 第三借阅区/ [索取号:P33/146] | 在馆 | |
| 3 | 1196113 | 211961135 | 第三借阅区/ [索取号:P33/146] | 在馆 | |
| 4 | 1196114 | 211961144 | 第三借阅区/ [索取号:P33/146] | 在馆 |